| 000 | 00522nam a22001817a 4500 | ||
|---|---|---|---|
| 003 | OSt | ||
| 005 | 20250507113346.0 | ||
| 008 | 250507b |||||||| |||| 00| 0 eng d | ||
| 020 | _a0837182875 | ||
| 040 | _aSEKU | ||
| 050 |
_aHD 2117 _b.A45 |
||
| 100 | _aWilliam, Allan | ||
| 245 | _aThe African husbandman / | ||
| 260 |
_aWestport, Conn. : [1977], _bGreenwood Press, _c1965. |
||
| 300 | _axii, 505 p., [4] leaves of plates | ||
| 648 |
_2Agriculturea. _xLand use- _x Traditional farming _zAfrica. |
||
| 942 |
_2lcc _cGEN |
||
| 999 |
_c18541 _d18541 |
||